| 000 | 00772nam a2200229Ia 4500 | ||
|---|---|---|---|
| 001 | 8954 | ||
| 003 | GE_BSU | ||
| 008 | 181216s||||||||xx |||||||||||||| ||und|| | ||
| 040 | _cGE_BSU | ||
| 080 | _a821.353.1–32 | ||
| 100 | _aკიკნაძე,რობერტ | ||
| 245 | _aზღვისფერი თვალები | ||
| 245 | _bმოთხრობები | ||
| 245 | _cრედ. რ.ორჯონიკიძე,მხატვ.ნ.ლაფაჩი | ||
| 260 | _aთბილისი | ||
| 260 | _bსაბჭოთა საქართველო | ||
| 260 | _c1966 | ||
| 300 | _a165გვ.ილ.16სმ. | ||
| 653 | _aზღვისფერი თვალები | ||
| 653 | _aმოთხრობები | ||
| 942 | _cBK | ||
| 999 |
_c42259 _d42259 |
||